Renewable energy sources (Record no. 115192)
[ view plain ]
| 000 -LEADER | |
|---|---|
| fixed length control field | 01456cam a22002655a 4500 |
| 001 - CONTROL NUMBER | |
| control field | L158192 |
| 008 - FIXED-LENGTH DATA ELEMENTS--GENERAL INFORMATION | |
| fixed length control field | 131008s2014 xxk f 000 0 eng d |
| 020 ## - INTERNATIONAL STANDARD BOOK NUMBER | |
| International Standard Book Number | 9781848063839 |
| 020 ## - INTERNATIONAL STANDARD BOOK NUMBER | |
| International Standard Book Number | 9781848063921 |
| Qualifying information | (4-part set) |
| 035 ## - SYSTEM CONTROL NUMBER | |
| System control number | (Sirsi) u158192 |
| 041 0# - LANGUAGE CODE | |
| Language code of text/sound track or separate title | eng |
| 100 1# - MAIN ENTRY--PERSONAL NAME | |
| Personal name | Holden, John |
| 245 00 - TITLE STATEMENT | |
| Title | Renewable energy sources |
| Remainder of title | How they work and what they deliver |
| Number of part/section of a work | Part 2 |
| Name of part/section of a work | Wood fuels |
| 260 ## - PUBLICATION, DISTRIBUTION, ETC. | |
| Place of publication, distribution, etc. | Watford |
| Name of publisher, distributor, etc. | BRE |
| Date of publication, distribution, etc. | 2014 |
| 300 ## - PHYSICAL DESCRIPTION | |
| Extent | 8p. |
| Other physical details | ill. |
| Dimensions | 30cm. |
| 490 #0 - SERIES STATEMENT | |
| Series statement | BRE Digest |
| Volume/sequential designation | (DG 532-2) |
| 520 ## - SUMMARY, ETC. | |
| Summary, etc. | Provides an overview of the technical and operational characteristics of biomass systems within the scope of the Microgeneration Certification Scheme (MCS). Standards and specifications are covered, including certification, safety and incentives (such as the Renewable Heat Incentive and Green Deal). Altough some technical information is given, it is not intended as an installation guide. The intended readership includes landlords, housing associations, local authorities, developers, architects and consultants. This is one in a series of four related Digests focusing on a renewable energy technology commonly used in domestic buildings. The other technologies covered includes photovoltaics, heat pumps and solar thermal collectors. |
| 521 ## - TARGET AUDIENCE NOTE | |
| Target audience note | Advanced |
| 590 ## - LOCAL NOTE (RLIN) | |
| Local note | KA |
| 650 24 - SUBJECT ADDED ENTRY--TOPICAL TERM | |
| Topical term or geographic name entry element | Microgeneration Certification Scheme |
| 651 #4 - SUBJECT ADDED ENTRY--GEOGRAPHIC NAME | |
| Geographic name | ENGLAND AND WALES |
| 690 ## - LOCAL SUBJECT ADDED ENTRY--TOPICAL TERM (OCLC, RLIN) | |
| Topical term or geographic name as entry element | Renewables |
| 9 (RLIN) | 6265 |
| 690 ## - LOCAL SUBJECT ADDED ENTRY--TOPICAL TERM (OCLC, RLIN) | |
| Topical term or geographic name as entry element | Energy |
| 9 (RLIN) | 6237 |
| 942 ## - ADDED ENTRY ELEMENTS (KOHA) | |
| Suppress in OPAC | 0 |
| Withdrawn status | Lost status | Source of classification or shelving scheme | Damaged status | Not for loan | Home library | Current library | Shelving location | Date acquired | Total Checkouts | Full call number | Barcode | Date last seen | Copy number | Price effective from | Koha item type |
|---|---|---|---|---|---|---|---|---|---|---|---|---|---|---|---|
| Dewey Decimal Classification | London | London | BRE publications | 09/10/2014 | BRE | 30075304 | 06/08/2019 | 1 | 06/08/2019 | Book |